[Event "7. Arber-Open Bodenmais 2018"]
[Site "Bodenmais"]
[Date "2018.07.28"]
[Round "1.1"]
[White "Pap, Misa"]
[Black "Vennemann, Juergen"]
[Result "1-0"]
[WhiteElo "2473"]
[BlackElo "1887"]
[PlyCount "87"]
[EventDate "2018.??.??"]
[WhiteTeam "SF Augsburg"]
[BlackTeam "SC Hersbruck"]

1. e4 c6 2. Ne2 d5 3. e5 Bf5 4. Ng3 Bg6 5. h4 h5 6. d4 e6 7. Nd2 c5 8. c3 Nc6
9. Nf3 cxd4 10. cxd4 Bb4+ 11. Bd2 Bxd2+ 12. Qxd2 Nge7 13. Bb5 a6 14. Bxc6+ Nxc6
15. O-O Rc8 16. Rac1 O-O 17. Rc3 f6 18. Re1 fxe5 19. Nxe5 Nxe5 20. Rxe5 Rxc3
21. Qxc3 Qf6 22. Qe3 Bf7 23. Nxh5 Qxh4 24. g3 Qg4 25. Nf4 Qd1+ 26. Kg2 Rc8 27.
Qe2 Rc1 28. Qxd1 Rxd1 29. Nxe6 Bxe6 30. Rxe6 Rxd4 31. Rb6 Kf7 32. Kf3 Re4 33.
Rxb7+ Kf6 34. Rb6+ Ke5 35. Rxa6 g5 36. g4 Rb4 37. b3 Kd4 38. Ke2 Kc3 39. f3 d4
40. Rc6+ Kb2 41. Rc5 Kxa2 42. Rxg5 Rxb3 43. Rd5 Re3+ 44. Kf2 1-0

[Event "7. Arber-Open Bodenmais 2018"]
[Site "Bodenmais"]
[Date "2018.07.28"]
[Round "1.2"]
[White "Malditz, Dieter"]
[Black "Milov, Leonid"]
[Result "0-1"]
[WhiteElo "1878"]
[BlackElo "2469"]
[PlyCount "70"]
[EventDate "2018.??.??"]
[WhiteTeam "SK Ludwigshafen"]
[BlackTeam "SC NT Nürnberg"]

1. d4 f5 2. Nf3 Nf6 3. g3 g6 4. Bg2 Bg7 5. c4 O-O 6. O-O d6 7. Nc3 c6 8. b3 Qa5
9. Bb2 e5 10. e3 e4 11. Ne1 d5 12. Nc2 Be6 13. cxd5 cxd5 14. Na4 b6 15. Qe2 Bd7
16. Bc3 Bb5 17. Qd2 Qa6 18. Nb4 Qb7 19. Rfc1 g5 20. Bb2 a5 21. Nc3 Bd7 22. Nc2
b5 23. Bf1 Na6 24. a3 Nc7 25. Ne1 f4 26. exf4 gxf4 27. Nd1 Ne6 28. Rc2 Bh6 29.
Ng2 Ng5 30. Nh4 fxg3 31. Ne3 gxh2+ 32. Kxh2 Ng4+ 33. Kh1 Nf3 34. Nxf3 Rxf3 35.
Bg2 Nxf2+ 0-1

[Event "7. Arber-Open Bodenmais 2018"]
[Site "Bodenmais"]
[Date "2018.07.28"]
[Round "1.3"]
[White "Meijers, Viesturs"]
[Black "Froeschle, Andreas"]
[Result "1-0"]
[WhiteElo "2458"]
[BlackElo "1869"]
[PlyCount "49"]
[EventDate "2018.??.??"]
[WhiteTeam "ESV Nickelhütte Aue"]
[BlackTeam "SV Unterkochen"]

1. e4 c5 2. Nf3 e6 3. d4 cxd4 4. Nxd4 a6 5. Bd3 Qc7 6. c4 Nf6 7. Nc3 Bc5 8. Be3
d6 9. a3 Nbd7 10. b4 Ba7 11. Rc1 Ne5 12. Be2 h5 13. h3 Bd7 14. f4 Nc6 15. O-O
e5 16. fxe5 dxe5 17. Nc2 Bxe3+ 18. Nxe3 Nd4 19. Ncd5 Qd6 20. c5 Qc6 21. Nc4
Nxe4 22. Ndb6 Rd8 23. Nxe5 Nxe2+ 24. Qxe2 Ng3 25. Qe1 1-0

[Event "7. Arber-Open Bodenmais 2018"]
[Site "Bodenmais"]
[Date "2018.07.28"]
[Round "1.4"]
[White "Simacek, Vaclav"]
[Black "Sergeev, Vladimir"]
[Result "0-1"]
[WhiteElo "1868"]
[BlackElo "2410"]
[PlyCount "70"]
[EventDate "2018.??.??"]
[WhiteTeam "ŠK Sokol Klatovy"]
[BlackTeam "UKRAINE"]
[BlackTeamCountry "UKR"]

1. e4 d5 2. exd5 Qxd5 3. Nc3 Qd6 4. d4 Nf6 5. Nf3 a6 6. g3 Bg4 7. Bg2 c6 8. O-O
e6 9. Qd3 Bf5 10. Qe2 Be7 11. Bf4 Qb4 12. Rab1 Nbd7 13. a3 Qb6 14. b4 Nd5 15.
Nxd5 cxd5 16. Rbc1 Qb5 17. Rfe1 Qxe2 18. Rxe2 O-O 19. Nh4 Bxh4 20. gxh4 Rfc8
21. Re3 Bxc2 22. h5 h6 23. Rg3 Kh8 24. Bd2 Nf6 25. Bf3 Rc6 26. h4 Rac8 27. Kh2
Be4 28. Rxc6 Rxc6 29. Bd1 Bc2 30. Bf3 Rc4 31. Be3 Rc3 32. Rg1 Be4 33. Be2 Bd3
34. Bxd3 Rxd3 35. Re1 Ng4+ 0-1

[Event "7. Arber-Open Bodenmais 2018"]
[Site "Bodenmais"]
[Date "2018.07.28"]
[Round "1.5"]
[White "Melamed, Tatjana"]
[Black "Albrecht, Manuel"]
[Result "1-0"]
[WhiteElo "2386"]
[BlackElo "1863"]
[PlyCount "63"]
[EventDate "2018.??.??"]
[WhiteTeam "AE Magdeburg"]
[BlackTeam "SK Landau-Dingolfing"]

1. e4 e5 2. Nf3 Nc6 3. Bb5 Nf6 4. d3 Bc5 5. O-O d6 6. Nc3 O-O 7. Na4 Nd4 8.
Nxd4 Bxd4 9. c3 c6 10. Bc4 b5 11. cxd4 bxc4 12. dxc4 Nxe4 13. dxe5 dxe5 14. Qe2
Nd6 15. b3 f6 16. Ba3 Qc7 17. Rad1 Rd8 18. f4 Nf7 19. Rxd8+ Qxd8 20. Rd1 Qc7
21. fxe5 Nxe5 22. Bd6 Qa5 23. Bxe5 Qxe5 24. Qxe5 fxe5 25. Rd8+ Kf7 26. Nc5 Ke7
27. Rg8 Kf7 28. Rd8 Ke7 29. Rh8 h6 30. Kf2 Kd6 31. Ne4+ Ke7 32. Rg8 1-0

[Event "7. Arber-Open Bodenmais 2018"]
[Site "Bodenmais"]
[Date "2018.07.28"]
[Round "1.6"]
[White "Strahl, Christian"]
[Black "Hausner, Ivan"]
[Result "0-1"]
[WhiteElo "1861"]
[BlackElo "2321"]
[PlyCount "106"]
[EventDate "2018.??.??"]
[WhiteTeam "1.FC Marktleuthen"]
[BlackTeam "SC Bayerwald"]

1. e4 c5 2. Nf3 Nf6 3. e5 Nd5 4. Nc3 e6 5. Nxd5 exd5 6. d4 Nc6 7. dxc5 Bxc5 8.
Bd3 d6 9. exd6 Qxd6 10. h3 O-O 11. O-O h6 12. c3 Re8 13. Re1 Bd7 14. Be3 Bxe3
15. Rxe3 Rxe3 16. fxe3 Re8 17. Qd2 Ne5 18. Rf1 Nxd3 19. Qxd3 Qb6 20. Qxd5 Qxe3+
21. Kh1 Bc6 22. Qb3 Qf4 23. Qd1 Re3 24. Qd4 Qxd4 25. Nxd4 Rxh3+ 26. Kg1 Rd3 27.
Rf2 Bd5 28. a3 g6 29. Re2 Rg3 30. Rd2 Be4 31. Re2 Rg4 32. Nb5 a6 33. Nd4 h5 34.
Rd2 Kg7 35. Nc2 Bxc2 36. Rxc2 Rc4 37. b3 Re4 38. Kf2 g5 39. c4 Rd4 40. Ke3 Rd1
41. b4 h4 42. c5 Ra1 43. Rc3 Ra2 44. Kf3 f6 45. Rd3 Kg6 46. Rd7 Rxa3+ 47. Kf2
Ra2+ 48. Kf1 a5 49. Rxb7 axb4 50. Rxb4 Rc2 51. Rb5 g4 52. Ra5 g3 53. Rb5 Rc1+
0-1

[Event "7. Arber-Open Bodenmais 2018"]
[Site "Bodenmais"]
[Date "2018.07.28"]
[Round "1.7"]
[White "Miesbauer, Jan"]
[Black "Schreib, Marc"]
[Result "1-0"]
[WhiteElo "2282"]
[BlackElo "1857"]
[PlyCount "51"]
[EventDate "2018.??.??"]
[WhiteTeam "SC Bayerwald"]
[BlackTeam "SK Neuperlach"]

1. e4 c6 2. d4 d5 3. e5 c5 4. dxc5 e6 5. a3 Bxc5 6. b4 Bb6 7. Nf3 Bd7 8. Bd3 a6
9. Qe2 Ne7 10. O-O Nbc6 11. Nbd2 Nd4 12. Nxd4 Bxd4 13. Rb1 b5 14. Nb3 Bb6 15.
Be3 Bxe3 16. Qxe3 Qc7 17. Rfe1 O-O 18. Qh3 h6 19. Re3 f5 20. exf6 Rxf6 21. Nc5
Bc8 22. Qh5 Nf5 23. Qe8+ Rf8 24. Nxe6 Qxh2+ 25. Kxh2 Rxe8 26. Bxf5 1-0

[Event "7. Arber-Open Bodenmais 2018"]
[Site "Bodenmais"]
[Date "2018.07.28"]
[Round "1.8"]
[White "Brassat, Juergen"]
[Black "Lorenc, Tomas"]
[Result "0-1"]
[WhiteElo "1839"]
[BlackElo "2208"]
[PlyCount "50"]
[EventDate "2018.??.??"]
[WhiteTeam "SC Bavaria Regensburg von 1881"]
[BlackTeam "SC Waldsassen"]

1. d4 Nf6 2. c4 c5 3. d5 b5 4. Nf3 d6 5. Qc2 g6 6. e4 Bg7 7. h3 O-O 8. Be2 bxc4
9. O-O Ba6 10. Nc3 Nbd7 11. Bf4 Qa5 12. Rfe1 Rab8 13. Rab1 Rb7 14. Bf1 Nh5 15.
Bd2 Ne5 16. Nxe5 Bxe5 17. Nd1 Qxa2 18. Re3 Rfb8 19. Ra3 Qxa3 20. bxa3 Rxb1 21.
Bh6 Bd4 22. Qa4 Ng3 23. Qxa6 Nxf1 24. Kxf1 c3 25. Ke2 c2 0-1

[Event "7. Arber-Open Bodenmais 2018"]
[Site "Bodenmais"]
[Date "2018.07.28"]
[Round "1.9"]
[White "Schelle, Artur"]
[Black "Horther-Schneider, Elsbeth"]
[Result "1-0"]
[WhiteElo "2206"]
[BlackElo "1839"]
[PlyCount "47"]
[EventDate "2018.??.??"]
[WhiteTeam "SC Tarr München"]
[BlackTeam "SC Windischeschenbach"]

1. e4 e6 2. d4 d5 3. e5 c5 4. c3 Qb6 5. Nf3 Bd7 6. a3 Bb5 7. b4 cxd4 8. Bxb5+
Qxb5 9. cxd4 f6 10. Nc3 Qc6 11. Bb2 Nd7 12. Na4 Nb6 13. Nxb6 Qxb6 14. Qa4+ Qc6
15. Qb3 Qb5 16. Kd2 a5 17. Qd3 Qxd3+ 18. Kxd3 axb4 19. axb4 Rxa1 20. Rxa1 Bxb4
21. Ra7 Be7 22. Rxb7 Nh6 23. Ba3 Ng8 24. Bxe7 1-0

[Event "7. Arber-Open Bodenmais 2018"]
[Site "Bodenmais"]
[Date "2018.07.28"]
[Round "1.10"]
[White "Scheuerer, Werner"]
[Black "Schroeder, Wilfried"]
[Result "0-1"]
[WhiteElo "1828"]
[BlackElo "2199"]
[PlyCount "80"]
[EventDate "2018.??.??"]
[WhiteTeam "SC Garching"]
[BlackTeam "SV Wattenscheid"]

1. f4 d5 2. Nf3 c5 3. g3 Nc6 4. Bg2 g6 5. Nc3 Bg7 6. O-O Nf6 7. d3 d4 8. Nb1
O-O 9. e4 dxe3 10. Bxe3 Ng4 11. Bc1 Bd4+ 12. Kh1 Nf2+ 13. Rxf2 Bxf2 14. c3 Bf5
15. Qe2 Qxd3 16. Qxf2 Qd1+ 17. Qf1 Rad8 18. Nbd2 Qc2 19. Qc4 e5 20. fxe5 Rfe8
21. Qxc5 Bg4 22. h3 Bxf3 23. Bxf3 Rxe5 24. Qf2 Qf5 25. Kg2 Qe6 26. Nb3 Qc4 27.
Bf4 Ree8 28. Re1 a5 29. Rxe8+ Rxe8 30. Qc5 Qd3 31. Qf2 Qf5 32. Nd4 Qd3 33. Bxc6
bxc6 34. Qf3 Qb1 35. Qf2 Qxa2 36. Bh6 f5 37. h4 Qc4 38. Be3 Qd5+ 39. Qf3 Rxe3
40. Qxd5+ cxd5 0-1

[Event "7. Arber-Open Bodenmais 2018"]
[Site "Bodenmais"]
[Date "2018.07.28"]
[Round "1.11"]
[White "Wacker, Andreas"]
[Black "Tong, Kevin"]
[Result "0-1"]
[WhiteElo "1824"]
[BlackElo "2180"]
[PlyCount "54"]
[EventDate "2018.??.??"]
[WhiteTeam "SC Lambsheim"]
[BlackTeam "SC Erlangen"]

1. e4 e5 2. Nf3 Nc6 3. Bc4 Nf6 4. d3 Be7 5. O-O O-O 6. c3 d6 7. Re1 Na5 8. Bb3
Nxb3 9. Qxb3 b6 10. d4 Bb7 11. Nbd2 exd4 12. cxd4 Re8 13. Ng5 d5 14. e5 Nd7 15.
Ndf3 Nf8 16. Nh3 Ne6 17. Nf4 Qd7 18. Qd3 c5 19. Nxe6 fxe6 20. Bd2 Rf8 21. Ng5
Rf5 22. Nh3 Raf8 23. g4 Rf3 24. Qe2 Rxh3 25. f4 Qa4 26. Kg2 Ba6 27. Qf2 Bh4 0-1

[Event "7. Arber-Open Bodenmais 2018"]
[Site "Bodenmais"]
[Date "2018.07.28"]
[Round "1.12"]
[White "Hoffmann, Sebastian"]
[Black "Schmitz, Tim"]
[Result "1-0"]
[WhiteElo "2174"]
[BlackElo "1821"]
[PlyCount "77"]
[EventDate "2018.??.??"]
[WhiteTeam "SC NT Nürnberg"]
[BlackTeam "SC Sendling"]

1. e4 c5 2. c3 d5 3. exd5 Qxd5 4. d4 Nc6 5. Nf3 Bg4 6. dxc5 Qxd1+ 7. Kxd1 e5 8.
b4 a6 9. Nbd2 Nf6 10. Kc2 Be7 11. Bb2 O-O 12. Bc4 e4 13. Nd4 Ne5 14. Rhe1 Nxc4
15. Nxc4 Rfe8 16. h3 Bh5 17. Nf5 Bg6 18. Nxe7+ Rxe7 19. Rad1 Kf8 20. Kb3 Bf5
21. Nd6 Be6+ 22. c4 a5 23. Bxf6 gxf6 24. a3 f5 25. Rd4 Kg7 26. f3 exf3 27. gxf3
Kf6 28. Rg1 axb4 29. axb4 Rh8 30. f4 h6 31. Rd2 Rd7 32. Ra1 Rg8 33. Rd3 Rg2 34.
Ra7 Rf2 35. Rxb7 Rxb7 36. Nxb7 Rxf4 37. Nd6 Bd7 38. b5 Rf1 39. c6 1-0

[Event "7. Arber-Open Bodenmais 2018"]
[Site "Bodenmais"]
[Date "2018.07.28"]
[Round "1.13"]
[White "Tober, Julian"]
[Black "Puschendorf, Steffen"]
[Result "0-1"]
[WhiteElo "1820"]
[BlackElo "2153"]
[PlyCount "92"]
[EventDate "2018.??.??"]
[WhiteTeam "SV Unser Fritz"]
[BlackTeam "ESV Gera"]

1. e4 e6 2. d4 d5 3. Nc3 Bb4 4. e5 c5 5. Bd2 Ne7 6. Nb5 Bxd2+ 7. Qxd2 O-O 8. f4
cxd4 9. Nf3 Nbc6 10. Bd3 Qb6 11. O-O Nf5 12. Kh1 a6 13. g4 axb5 14. gxf5 exf5
15. Qg2 Nb4 16. Rg1 g6 17. Qh3 Nxd3 18. cxd3 Kg7 19. Rg5 h6 20. Rg2 b4 21. Nh4
Ra6 22. Nxf5+ Bxf5 23. Qxf5 Kh7 24. Qd7 Qe6 25. Qxb7 Rb6 26. Qa7 Rfb8 27. Rc1
b3 28. a3 R8b7 29. Qa4 h5 30. Qxd4 Rc6 31. Rc3 Rbc7 32. Qb4 d4 33. Rxc6 Rxc6
34. Qxd4 Rc1+ 35. Rg1 Qc6+ 36. Qe4 Rxg1+ 37. Kxg1 Qc1+ 38. Kf2 Qxb2+ 39. Kg3
Qc3 40. Qd5 Kg7 41. Qd8 b2 42. Qf6+ Kg8 43. Qd8+ Kh7 44. Qd5 Kg7 45. f5 b1=Q
46. f6+ Kh6 0-1

[Event "7. Arber-Open Bodenmais 2018"]
[Site "Bodenmais"]
[Date "2018.07.28"]
[Round "1.14"]
[White "Ilic, Andreas"]
[Black "Prusikin, Michael"]
[Result "0-1"]
[WhiteElo "1893"]
[BlackElo "2516"]
[PlyCount "68"]
[EventDate "2018.??.??"]
[WhiteTeam "DBSB"]
[BlackTeam "BCA Augsburg"]

1. e4 e5 2. Nf3 Nc6 3. Bb5 a6 4. Ba4 Nf6 5. O-O Be7 6. Nc3 b5 7. Bb3 O-O 8. Nd5
d6 9. d4 Nxd4 10. Nxd4 exd4 11. a4 Bb7 12. axb5 axb5 13. Rxa8 Bxa8 14. Qe2 c6
15. Nf4 Qd7 16. f3 Re8 17. g4 c5 18. g5 Nxe4 19. Bxf7+ Kxf7 20. fxe4 Kg8 21.
Nh5 Rf8 22. Qf2 Qe6 23. Ng3 b4 24. Qe2 Rxf1+ 25. Kxf1 Bf8 26. Bf4 Qf7 27. Qg4
Bc6 28. Kg1 Bd7 29. Qf3 Be6 30. h4 Qa7 31. Nf5 Qa1+ 32. Kh2 Qxb2 33. Nxd6 Qxc2+
34. Kg3 Qc3 0-1

[Event "7. Arber-Open Bodenmais 2018"]
[Site "Bodenmais"]
[Date "2018.07.28"]
[Round "1.15"]
[White "Bensch, Patrick"]
[Black "Wunderlich, Matthias"]
[Result "1-0"]
[WhiteElo "2197"]
[BlackElo "1826"]
[PlyCount "65"]
[EventDate "2018.??.??"]
[WhiteTeam "SC Rottal-Inn"]
[BlackTeam "BSV-KW Jänschwalde"]

1. e4 d5 2. exd5 Nf6 3. d4 Bg4 4. f3 Bf5 5. c4 e6 6. dxe6 Nc6 7. Be3 Bb4+ 8.
Nc3 O-O 9. d5 Ne5 10. Qd4 Ng6 11. g4 Bc2 12. Rc1 Ba4 13. g5 c5 14. dxc6 Nh5 15.
cxb7 Rb8 16. Qxd8 Rfxd8 17. Kf2 Bxc3 18. Rxc3 fxe6 19. Rd3 Rf8 20. b3 Bc6 21.
Bxa7 Rxb7 22. Bc5 Rc8 23. Bd6 e5 24. Bh3 Re8 25. Bf5 Ngf4 26. Re3 Rf7 27. Be4
Bxe4 28. Rxe4 Nd3+ 29. Ke3 Nhf4 30. Ne2 Rd8 31. Nxf4 Nxf4 32. Rd1 Ng6 33. Rd2
1-0

[Event "7. Arber-Open Bodenmais 2018"]
[Site "Bodenmais"]
[Date "2018.07.28"]
[Round "1.16"]
[White "Jergler, Karl-Heinz"]
[Black "Neumann, Lutz"]
[Result "1-0"]
[WhiteElo "2152"]
[BlackElo "1815"]
[PlyCount "49"]
[EventDate "2018.??.??"]
[WhiteTeam "SC Rottal-Inn"]
[BlackTeam "BSV Ehrenfriedersdorf"]

1. e4 c6 2. d4 d5 3. e5 Bf5 4. Nf3 e6 5. a3 c5 6. Be2 Nc6 7. O-O h6 8. c3 Qb6
9. dxc5 Bxc5 10. b4 Bf8 11. Be3 Qc7 12. Nbd2 Nge7 13. c4 dxc4 14. Nxc4 Nd5 15.
Rc1 Qd7 16. b5 Nd8 17. Qb3 Be7 18. Rfd1 O-O 19. Nd4 Bh7 20. Bf3 Nxe3 21. Nxe3
Rc8 22. Nc6 Rxc6 23. bxc6 Qc7 24. cxb7 Qb8 25. Rc8 1-0

[Event "7. Arber-Open Bodenmais 2018"]
[Site "Bodenmais"]
[Date "2018.07.28"]
[Round "1.17"]
[White "Glaser, Max"]
[Black "Pitica, Silviu Valentin"]
[Result "1/2-1/2"]
[WhiteElo "1812"]
[BlackElo "2149"]
[PlyCount "70"]
[EventDate "2018.??.??"]
[WhiteTeam "SC Furth Waldmünchen"]
[BlackTeam "ITALIEN"]
[BlackTeamCountry "ITA"]

1. e4 c5 2. Nf3 d6 3. d4 cxd4 4. Nxd4 Nf6 5. Nc3 a6 6. f3 e5 7. Nb3 Be6 8. Be3
Nbd7 9. Be2 Be7 10. O-O b5 11. Qd2 Nb6 12. Kh1 O-O 13. Rfd1 Nc4 14. Bxc4 bxc4
15. Nc1 Qc7 16. N1e2 Rab8 17. b3 Rfd8 18. Nd5 Bxd5 19. exd5 Rdc8 20. Ng3 Rb5
21. Nf5 Bf8 22. Bg5 Rxd5 23. Qe2 Rxd1+ 24. Rxd1 Ne8 25. Ne3 cxb3 26. cxb3 h6
27. Bh4 a5 28. Qa6 Qc3 29. Nc4 Qc2 30. Ne3 Qc3 31. Nc4 Rc5 32. Qa8 Nc7 33. Qb8
Qc2 34. Rg1 g5 35. Be1 Qxa2 1/2-1/2

[Event "7. Arber-Open Bodenmais 2018"]
[Site "Bodenmais"]
[Date "2018.07.28"]
[Round "1.18"]
[White "Eizenhammer, Peter"]
[Black "Bergmann, Reiner"]
[Result "1/2-1/2"]
[WhiteElo "2148"]
[BlackElo "1808"]
[PlyCount "35"]
[EventDate "2018.??.??"]
[WhiteTeam "SC Vilshofen"]
[BlackTeam "SC Bayerwald"]

1. e4 d5 2. exd5 Nf6 3. c4 e6 4. d6 c5 5. Nf3 Bxd6 6. d4 cxd4 7. Nxd4 Bc5 8.
Be3 O-O 9. Nc2 Qxd1+ 10. Kxd1 Rd8+ 11. Ke1 Bf8 12. Be2 e5 13. Nc3 Bf5 14. Rc1
Nc6 15. Bg5 Nd4 16. Bd1 Rac8 17. Ne3 Be6 18. Ned5 1/2-1/2

[Event "7. Arber-Open Bodenmais 2018"]
[Site "Bodenmais"]
[Date "2018.07.28"]
[Round "1.19"]
[White "Uneken, Bert"]
[Black "Schmahl, Stephan"]
[Result "0-1"]
[WhiteElo "1804"]
[BlackElo "2148"]
[PlyCount "56"]
[EventDate "2018.??.??"]
[WhiteTeam "Niederlande"]
[BlackTeam "SC Bavaria Regensburg von 1881"]
[WhiteTeamCountry "NED"]

1. d4 Nf6 2. c4 g6 3. Nc3 Bg7 4. e4 d6 5. Be2 O-O 6. Bg5 c5 7. d5 h6 8. Be3 e6
9. f4 exd5 10. cxd5 Re8 11. Qd3 Nxe4 12. Nxe4 Bf5 13. Bf3 Qe7 14. O-O-O Bxe4
15. Bxe4 Qxe4 16. Qxe4 Rxe4 17. Bd2 Nd7 18. Nf3 Nb6 19. Rhe1 Rae8 20. Ba5 Bxb2+
21. Kc2 Nc4 22. Bc7 Bf6 23. Rxe4 Rxe4 24. Kd3 Rxf4 25. Rb1 b6 26. a4 g5 27. a5
g4 28. g3 Nb2+ 0-1

[Event "7. Arber-Open Bodenmais 2018"]
[Site "Bodenmais"]
[Date "2018.07.28"]
[Round "1.20"]
[White "Meertens, Martin"]
[Black "Van Hoorebeke, Jimmy"]
[Result "1-0"]
[WhiteElo "2146"]
[BlackElo "1783"]
[PlyCount "107"]
[EventDate "2018.??.??"]
[WhiteTeam "Klub Kölner SF"]
[BlackTeam "Belgien"]
[BlackTeamCountry "BEL"]

1. e4 c6 2. d4 d5 3. e5 c5 4. dxc5 Nc6 5. Bb5 e6 6. Be3 Nge7 7. Nf3 Nf5 8. Bd4
Bd7 9. Bxc6 Bxc6 10. c3 Be7 11. O-O O-O 12. Re1 Qc7 13. Nbd2 Rac8 14. a4 b6 15.
cxb6 axb6 16. Nf1 Ra8 17. Ne3 Nxe3 18. Bxe3 h6 19. b3 Ra6 20. Qd3 Rfa8 21. Rac1
Qb7 22. Nd4 Bd7 23. h3 Ra5 24. Bd2 b5 25. axb5 Bxb5 26. Qg3 Kh8 27. c4 Ra2 28.
Be3 dxc4 29. bxc4 Be8 30. Qf3 Qc7 31. Qh5 Bf8 32. Nb5 Qc6 33. Qd1 Bb4 34. Re2
Rxe2 35. Qxe2 Qe4 36. Qf3 Qxf3 37. gxf3 Bc6 38. Rb1 Be7 39. Kg2 Ra4 40. Rc1 Rb4
41. Nd6 f6 42. Nc8 Bd8 43. Na7 Bb7 44. exf6 Bxf6 45. c5 Kg8 46. c6 Ba6 47. c7
Kf7 48. c8=Q Bxc8 49. Nxc8 Rb3 50. Nd6+ Kg6 51. Ne4 Bd8 52. Rd1 Bb6 53. Bxb6
Rxb6 54. Rd6 1-0

[Event "7. Arber-Open Bodenmais 2018"]
[Site "Bodenmais"]
[Date "2018.07.28"]
[Round "1.21"]
[White "Kochendoerfer, Juergen"]
[Black "Herbold, Manfred"]
[Result "0-1"]
[WhiteElo "1776"]
[BlackElo "2144"]
[PlyCount "104"]
[EventDate "2018.??.??"]
[WhiteTeam "SV Crailsheim"]
[BlackTeam "SC Niedermohr-Hütschenhausen"]

1. b3 Nf6 2. Bb2 g6 3. e3 Bg7 4. Nf3 d6 5. d4 O-O 6. Be2 a5 7. O-O Nc6 8. Nbd2
e5 9. dxe5 Ng4 10. Nd4 Ngxe5 11. Nxc6 bxc6 12. c4 Bd7 13. Rb1 c5 14. f4 Nc6 15.
Bxg7 Kxg7 16. Bf3 Qe7 17. Re1 Ra6 18. Qc1 Rb8 19. Qc3+ Qf6 20. Ne4 Qxc3 21.
Nxc3 Ne7 22. e4 Kf8 23. Rbd1 a4 24. bxa4 Bxa4 25. Rd2 Bc6 26. Kf2 Rb4 27. Nd5
Bxd5 28. cxd5 Rba4 29. Ree2 Nc8 30. g3 f6 31. Rb2 Rb6 32. Bg4 Rxb2 33. Rxb2 Nb6
34. Kf3 Ra3+ 35. Ke2 Ke7 36. Kd1 f5 37. exf5 Nxd5 38. Be2 gxf5 39. Kd2 Nb4 40.
g4 fxg4 41. Bxg4 d5 42. Bf5 h6 43. Bb1 Rh3 44. Kd1 Rf3 45. Re2+ Kf6 46. Kc1
Rxf4 47. a3 Nc6 48. Ba2 c4 49. Rc2 Na5 50. Kb2 Ke5 51. Re2+ Kd4 52. Rd2+ Kc5
0-1

[Event "7. Arber-Open Bodenmais 2018"]
[Site "Bodenmais"]
[Date "2018.07.28"]
[Round "1.22"]
[White "Zepke, Armin"]
[Black "Khamenya, Vitalia"]
[Result "1-0"]
[WhiteElo "2130"]
[BlackElo "1770"]
[PlyCount "63"]
[EventDate "2018.??.??"]
[WhiteTeam "SC Bayerwald"]
[BlackTeam "SK Gräfelfing"]

1. d4 d5 2. Bf4 Nf6 3. e3 e6 4. Nd2 Be7 5. Bd3 Nbd7 6. h3 O-O 7. Ngf3 c5 8. c3
b6 9. O-O Bb7 10. a4 Rc8 11. Qb1 Re8 12. Ne5 Nf8 13. Bb5 N8d7 14. Ndf3 a6 15.
Nxf7 Kxf7 16. Ng5+ Kg8 17. Nxe6 axb5 18. Nxd8 Rcxd8 19. axb5 Ra8 20. Qf5 Nf8
21. Bc7 g6 22. Qf4 N8d7 23. Bxb6 Nxb6 24. Qc7 Nfd7 25. Qxb7 Rac8 26. Ra7 Bd6
27. Rfa1 Rc7 28. Qxc7 Bxc7 29. Rxc7 cxd4 30. cxd4 Kf8 31. Ra6 h6 32. Rb7 1-0

[Event "7. Arber-Open Bodenmais 2018"]
[Site "Bodenmais"]
[Date "2018.07.28"]
[Round "1.23"]
[White "Desoye, Gernot"]
[Black "Kottmair, Toni"]
[Result "1/2-1/2"]
[WhiteElo "1767"]
[BlackElo "2126"]
[PlyCount "37"]
[EventDate "2018.??.??"]
[WhiteTeam "SF Graz"]
[BlackTeam "SK Königsbrunn"]

1. d4 Nf6 2. c4 e6 3. Nc3 Bb4 4. Bg5 h6 5. Bh4 c5 6. d5 Bxc3+ 7. bxc3 d6 8. f3
e5 9. e3 Bf5 10. Ne2 Nbd7 11. Qa4 O-O 12. e4 Bh7 13. Bxf6 Nxf6 14. Ng3 Ne8 15.
Bd3 Qg5 16. Qc2 Nf6 17. Qd2 Qh4 18. Qf2 Bg6 19. Rb1 1/2-1/2

[Event "7. Arber-Open Bodenmais 2018"]
[Site "Bodenmais"]
[Date "2018.07.28"]
[Round "1.24"]
[White "Benischek, Wolfgang"]
[Black "Kronschnabl, Matthias"]
[Result "0-1"]
[WhiteElo "2122"]
[BlackElo "1751"]
[PlyCount "70"]
[EventDate "2018.??.??"]
[WhiteTeam "SK Freising"]
[BlackTeam "SC Bayerwald"]

1. e4 e5 2. Nf3 Nc6 3. Bc4 Nf6 4. Nc3 Bb4 5. O-O O-O 6. Re1 d6 7. h3 h6 8. a3
Ba5 9. b4 Bb6 10. d3 a6 11. Be3 Nd4 12. Na4 Nxf3+ 13. Qxf3 Bxe3 14. Rxe3 b5 15.
Bb3 bxa4 16. Bxa4 Bd7 17. Bb3 Qe7 18. c3 a5 19. Qd1 axb4 20. cxb4 Be6 21. Bc2
Rfb8 22. Qb1 Bd7 23. a4 d5 24. b5 Qc5 25. exd5 Bxb5 26. Qe1 Qxc2 27. Rxe5 Rxa4
28. Rc1 Qxd3 29. Rxc7 Bc4 30. Kh2 Rb1 31. Re8+ Nxe8 32. Qxe8+ Kh7 33. Qxa4 Bxd5
34. Qg4 Qg6 35. Qxg6+ Kxg6 0-1

[Event "7. Arber-Open Bodenmais 2018"]
[Site "Bodenmais"]
[Date "2018.07.28"]
[Round "1.25"]
[White "Stehlik, Christian"]
[Black "Kugelmann, Werner"]
[Result "0-1"]
[WhiteElo "1747"]
[BlackElo "2119"]
[PlyCount "64"]
[EventDate "2018.??.??"]
[WhiteTeam "SC Bayerwald"]
[BlackTeam "TSV Wertingen"]

1. e4 c5 2. Ne2 Nc6 3. c3 Nf6 4. Ng3 d5 5. exd5 Nxd5 6. Be2 e5 7. Bf3 Be6 8.
O-O Be7 9. c4 Ndb4 10. a3 Nd3 11. Qb3 O-O 12. Qxb7 Na5 13. Qxa8 Qxa8 14. Bxa8
Rxa8 15. Nc3 Nb3 16. Rb1 Bxc4 17. Nf5 Bf8 18. Ne3 Be6 19. g3 Rd8 20. f4 Bh3 21.
Rd1 exf4 22. gxf4 Rd6 23. f5 Rd4 24. Ne2 Rh4 25. Ng2 Rg4 26. Ng3 c4 27. Ne3 Bc5
28. Re1 Nxe1 29. d4 Bxd4 30. Kf2 Nd3+ 31. Kf3 Rf4+ 32. Ke2 Ndxc1+ 0-1

[Event "7. Arber-Open Bodenmais 2018"]
[Site "Bodenmais"]
[Date "2018.07.28"]
[Round "1.26"]
[White "Fauth, Dietmar"]
[Black "Bartels, Vladimir"]
[Result "1-0"]
[WhiteElo "2112"]
[BlackElo "1739"]
[PlyCount "55"]
[EventDate "2018.??.??"]
[WhiteTeam "Münchener SC"]
[BlackTeam "Niederlande"]
[BlackTeamCountry "NED"]

1. e4 e5 2. Nf3 Nc6 3. Bc4 Bc5 4. d3 Nf6 5. c3 d5 6. exd5 Nxd5 7. O-O O-O 8.
Re1 Nb6 9. Bb5 f6 10. Nbd2 Bg4 11. h3 Bh5 12. Ne4 Be7 13. Ng3 Bf7 14. Nf5 Bc5
15. Bxc6 bxc6 16. d4 exd4 17. N3xd4 Bxd4 18. cxd4 Nd5 19. Qg4 Bg6 20. Bd2 Rb8
21. b3 Qc8 22. Ne7+ Nxe7 23. Rxe7 Qxg4 24. hxg4 Rf7 25. Rae1 Kf8 26. R7e3 Rd7
27. Bc3 Re8 28. Bb4+ 1-0

[Event "7. Arber-Open Bodenmais 2018"]
[Site "Bodenmais"]
[Date "2018.07.28"]
[Round "1.27"]
[White "Bruening, Martin"]
[Black "Medunova, Vera"]
[Result "0-1"]
[WhiteElo "1736"]
[BlackElo "2101"]
[PlyCount "106"]
[EventDate "2018.??.??"]
[WhiteTeam "TuS Syke"]
[BlackTeam "SK Rothenburg"]

1. d4 Nf6 2. Nf3 c5 3. d5 b5 4. e3 Bb7 5. c4 g6 6. Be2 Bg7 7. O-O O-O 8. a4
bxc4 9. Bxc4 d6 10. Nc3 Nbd7 11. e4 Ng4 12. h3 Nde5 13. Nxe5 Nxe5 14. Be2 Rb8
15. Qc2 Bc8 16. Be3 Qb6 17. Rab1 Qb3 18. Qxb3 Rxb3 19. Rfc1 f5 20. f3 fxe4 21.
fxe4 Bd7 22. a5 Rfb8 23. Rc2 Nf7 24. Bd2 Bd4+ 25. Kh2 Ne5 26. Nd1 e6 27. dxe6
Bxe6 28. Bc3 Nc6 29. Bxd4 Nxd4 30. Bc4 Bxc4 31. Rxc4 R8b5 32. Ra1 Rd3 33. Rc3
Rd2 34. a6 Nc2 35. Rc1 Nd4 36. Ra3 Ne2 37. Rb1 Rb4 38. Re3 Nd4 39. Ra3 Nc6 40.
Rc1 Rxe4 41. Nc3 Re7 42. b3 Nb4 43. Rb1 Rd3 44. Nb5 Nc6 45. Rf1 Kg7 46. Rf2 h5
47. Rb2 g5 48. Ra1 g4 49. hxg4 hxg4 50. Rf1 Kg6 51. Rf4 Rh7+ 52. Kg1 g3 53. Kf1
Re3 0-1